| 000 | 00569nam a2200217 4500 | ||
|---|---|---|---|
| 001 | 3173868 | ||
| 005 | 20201124142743.0 | ||
| 008 | 710503s1970 enka b 001 0 eng | ||
| 010 | _a 75555646 | ||
| 015 | _aB71-00161 | ||
| 020 | _a8126111410 | ||
| 040 |
_aDLC _cDLC _dDLC |
||
| 050 | 0 | 0 |
_aTS155 _b.H286 |
| 082 | 0 | 0 |
_a658.5 _222 _bKUM |
| 245 | 1 | 0 | _aProduction Management/ |
| 260 |
_aNew Delhi: _bAnmol publications, _c2002 |
||
| 300 |
_a396 p. _bill.; _c19 cm. |
||
| 490 | 0 | _aThe M. and E. handbook series | |
| 650 | 0 | _aProduction management. | |
| 942 |
_2ddc _cBB |
||
| 999 |
_c10695 _d10695 |
||